00514nam a2200181 a 450000500170000000800410001702000180005805000230007610000210009924500600012025000120018026000410019230000220023352100100025565000210026565000260028670000200031220140310183552.0111015s19uu xx 00 eng d a9780415486422 aRJ 499b.K393 2010 aKendall, Phillip aChildhood disorders /cPhillip Kendall, Jonathan Comer. a2nd ed. aNew York :bPsychology Press,c2010. a293 p. :c23 cm.  aPSYCH aChild psychiatry aChild psychopathology aComer, Jonathan